Velký průvodce útulným domovem

Salvato in:
Dettagli Bibliografici
Autore principale: Barnard, Nicholas (Autore)
Natura: Libro
Lingua:ceco
Pubblicazione: Praha : Knižní klub, 1995
Tags: Aggiungi Tag
Nessun Tag, puoi essere il primo ad aggiungerne!!

MARC

LEADER 00000nam a22000003a 4500
001 stu49002
005 20150617225711.6
008 990126s1995------------------------cze-d
020 |a 80-7176-133-8 
040 |a STU  |b slo 
041 0 |a cze 
080 |a 643.7 
080 |a 674.02 
080 |a 684.4+694.1  |7 stu_us_auth*stu4247 
100 1 |a Barnard, Nicholas  |4 aut 
245 1 |a Velký průvodce útulným domovem 
260 |a Praha :  |b Knižní klub,  |c 1995 
300 |a 288 s 
500 |a prel. z angl.orig. 
996 |b 284V031309  |c V*45650/O-20128  |l VVT  |s A  |a 24  |w stu49002_0001